[Event "Villa Constitucion op"]
[Site "Villa Constitucion"]
[Date "2018.08.31"]
[Round "1"]
[White "Varacalli, Francisco"]
[Black "Nascimbene, Ramiro"]
[Result "1-0"]
[WhiteElo "2326"]
[BlackElo "1625"]
[PlyCount "123"]
[EventDate "2018.08.31"]
[EventType "swiss"]
[EventRounds "6"]
[EventCountry "ARG"]
[SourceTitle "CBM 186 Extra"]
[Source "ChessBase"]
[SourceDate "2018.08.24"]
[SourceVersion "1"]
[SourceVersionDate "2018.08.24"]
[SourceQuality "1"]

1. e4 e5 2. Nf3 Nc6 3. Bc4 Nf6 4. d3 Be7 5. Bb3 d6 6. c3 0-0 7. 0-0 h6 8. Nbd2 Be6 9. Bc2 d5 10. exd5 Nxd5 11. Re1 Nf4 12. Nf1 Bd6 13. Ng3 Bg4 14. h3 Bxf3 15. Qxf3 f5 16. Bxf4 exf4 17. Nf1 Qg5 18. d4 Ne7 19. Nd2 Kh8 20. Qd3 Ng6 21. Nf3 Qh5 22. Bd1 Nh4 23. Ne5 Qg5 24. Bf3 Bxe5 25. Rxe5 Rf6 26. Kh2 Nxf3+ 27. Qxf3 c6 28. Re7 Rb8 29. Rae1 Kg8 30. R1e5 Rf7 31. R7e6 Rd8 32. b4 a6 33. a4 Rfd7 34. b5 axb5 35. axb5 Rd6 36. bxc6 bxc6 37. Re8+ Rxe8 38. Rxe8+ Kh7 39. Rc8 Qf6 40. Qxf4 Qe6 41. Rf8 Rd5 42. c4 Qd6 43. Qxd6 Rxd6 44. Rc8 Rxd4 45. Rxc6 Rd3 46. g3 Rc3 47. Kg2 Kg8 48. h4 h5 49. Rc5 g6 50. Rc7 Kf8 51. c5 Kg8 52. Kf1 Rc2 53. Ke1 Kf8 54. c6 Kg8 55. Kd1 Rc5 56. Kd2 Kf8 57. Kd3 Ke8 58. Kd4 Rc2 59. f4 Kd8 60. Rd7+ Kc8 61. Rd6 Kc7 62. Rxg6 1-0